000 00404nam a22001697a 4500
003 NUST - PNEC
005 20170116180849.0
008 150824b xxu||||| |||| 00| 0 eng d
020 _a0521666384
040 _cLIBRARY
082 _a540.71241 MIL
100 _95593
_aMills, John
245 _aCore chemistry
_cMJohn,Mills
260 _cc 1999
650 _95594
_aGreat Britain
_x-
942 _2ddc
_cBK
999 _c64545
_d64545